000 00418nam a22001097a 4500
082 _a344.0095491
_bPLC
245 _aPakistan Labour Cases 1998 :
_bA Journal of Civil Services & Labour Laws /
_cFounded by Malik Mir Muhammad and Edited by Malik Muhammad Saeed et all
260 _aLahore :
_bPLD Publishers,
_c1998.
300 _aVol: 1. 542, Vol: 2. 776 and Vol: 3. 731 p. ;
_c23cm.
563 _aHB.
942 _2ddc
_cCR
_s1
999 _c595184
_d595184